000
00247nam a2200097Ia 4500
001
1222952
005
20250827092858.0
008
250824s9999 xx 000 0 und d
245
0
_a
ÇALÇENE PELİN
_c
YASEMİN DERYA AKA
260
_b
ÇOCUK GEZEGENİ
999
_c
1222952
_d
1222952